[Event "Europa ch s-18 femenino"]
[Site "Herceg Novi MNT"]
[Date "2008.09.16"]
[Round "2.8"]
[White "Baptista, Ana Filipa"]
[Black "Wierzbicka, Wiktoria"]
[Result "0-1"]
[WhiteElo "2137"]
[BlackElo "2033"]
[PlyCount "66"]
[EventDate "2008.09.15"]
[EventType "swiss"]
[EventRounds "9"]
[Source "lmi"]
[SourceDate "2008.09.15"]

1. e4 c5 2. Nf3 d6 3. d4 cxd4 4. Nxd4 Nf6 5. Nc3 a6 6. Bc4 e6 7. Bb3 Be7 8. f3
O-O 9. Be3 Qc7 10. Qd2 Nc6 11. g4 b5 12. g5 Nh5 13. Nxc6 Qxc6 14. Nd5 Bd8 15.
Rg1 Bb7 16. Nf4 Nxf4 17. Bxf4 Bb6 18. Rg3 a5 19. a4 Rfd8 20. Rh3 Qc5 21. O-O-O
e5 22. g6 exf4 23. Bxf7+ Kf8 24. Bb3 Qe5 25. gxh7 Ke7 26. Bg8 Be3 27. h8=Q
Bxd2+ 28. Rxd2 Rxg8 29. Qh4+ Kd7 30. Qf2 bxa4 31. Kb1 a3 32. c3 Bc6 33. Rh7
axb2 0-1

[Event "Europa ch s-18 femenino"]
[Site "Herceg Novi MNT"]
[Date "2008.09.16"]
[Round "2.9"]
[White "Ni, Viktorija"]
[Black "Demidowicz, Maria"]
[Result "0-1"]
[WhiteElo "2129"]
[BlackElo "2032"]
[PlyCount "114"]
[EventDate "2008.09.15"]
[EventType "swiss"]
[EventRounds "9"]
[Source "lmi"]
[SourceDate "2008.09.15"]

1. d4 Nf6 2. c4 g6 3. Nc3 Bg7 4. e4 O-O 5. Nf3 d6 6. h3 c5 7. d5 e6 8. Bd3 exd5
9. cxd5 b5 10. Bxb5 Nxe4 11. Nxe4 Qa5+ 12. Nfd2 Qxb5 13. Nxd6 Qa6 14. N2c4 Nd7
15. O-O Nb6 16. Nxb6 Qxb6 17. Nxc8 Raxc8 18. Rb1 Rfd8 19. Bf4 Qb7 20. d6 Bf8
21. Qd3 Bxd6 22. Bxd6 Rc6 23. Qe4 Rdxd6 24. Qe8+ Kg7 25. Qe5+ Kg8 26. Rbd1 Qd7
27. Rxd6 Qxd6 28. Qe8+ Kg7 29. Re1 Rb6 30. b3 Qf4 31. Qe7 Qd2 32. Re4 Rf6 33.
Qxc5 Qd7 34. Qc3 Qd1+ 35. Re1 Qd6 36. Qc2 h5 37. Re3 Kh7 38. Rd3 Qe5 39. Rd1
Re6 40. Qd3 Qa5 41. Qd2 Qc7 42. b4 Qe7 43. a4 Re4 44. Rb1 Re2 45. Qd4 Re4 46.
Qc3 Qe6 47. Rd1 Qe7 48. Rb1 Qe6 49. a5 a6 50. b5 axb5 51. Rxb5 Re1+ 52. Kh2
Qd6+ 53. Qg3 Qd1 54. Qc3 h4 55. g3 Rh1+ 56. Kg2 Qf1+ 57. Kf3 Qxb5 0-1

[Event "Europa ch s-18 femenino"]
[Site "Herceg Novi MNT"]
[Date "2008.09.16"]
[Round "2.11"]
[White "Chiarion, Elisa"]
[Black "Guadamuro Torrente, Anabel"]
[Result "0-1"]
[WhiteElo "1897"]
[BlackElo "2105"]
[PlyCount "122"]
[EventDate "2008.09.15"]
[EventType "swiss"]
[EventRounds "9"]
[Source "lmi"]
[SourceDate "2008.09.15"]

1. e4 e5 2. Nf3 Nc6 3. Bc4 Bc5 4. c3 Nf6 5. d3 d6 6. O-O O-O 7. Nbd2 Kh8 8. Re1
Ng4 9. Re2 f5 10. exf5 Bxf5 11. h3 Nf6 12. Nf1 Na5 13. Bb5 a6 14. Ba4 Nd5 15.
Bg5 Qc8 16. d4 exd4 17. Nxd4 h6 18. Be7 Nxe7 19. Rxe7 d5 20. Re2 Bxd4 21. Qxd4
b5 22. Bd1 Be4 23. Ng3 c5 24. Qe5 Nc4 25. Qh5 Bd3 26. Re7 Qd8 27. Re6 Qc7 28.
Qxd5 Rad8 29. Qh5 Nxb2 30. Bf3 Bc4 31. Rc6 Qf4 32. Qxc5 Nd3 33. Qa7 Ne5 34. Rc7
Nxf3+ 35. gxf3 Qxf3 36. Rxg7 Qxf2+ 37. Qxf2 Rxf2 38. Kxf2 Kxg7 39. Nf5+ Kg6 40.
Nh4+ Kh5 41. Nf3 Rd3 42. Re1 Rxc3 43. Re5+ Kg6 44. Nh4+ Kf6 45. Rf5+ Kg7 46.
Rc5 Rc2+ 47. Kg3 Rxa2 48. Nf5+ Kg6 49. Nh4+ Kf6 50. Rc6+ Be6 51. Ng2 Ke5 52.
Ne3 Ra3 53. Kf2 Bxh3 54. Rxh6 Be6 55. Ke2 b4 56. Rh1 a5 57. Rb1 Ke4 58. Nc2 Ra2
59. Kd1 b3 60. Na1 a4 61. Ke1 Rh2 0-1

[Event "Europa ch s-18 femenino"]
[Site "Herceg Novi MNT"]
[Date "2008.09.16"]
[Round "2.12"]
[White "Braggaar, Leonore"]
[Black "Ohme, Melanie"]
[Result "0-1"]
[WhiteElo "1967"]
[BlackElo "2245"]
[PlyCount "74"]
[EventDate "2008.09.15"]
[EventType "swiss"]
[EventRounds "9"]
[Source "lmi"]
[SourceDate "2008.09.15"]

1. e4 e5 2. Nf3 Nc6 3. d4 exd4 4. Nxd4 Bb4+ 5. c3 Bc5 6. Be3 Bb6 7. Bc4 Nge7 8.
O-O d6 9. Na3 Ne5 10. Be2 N7g6 11. f4 Nd7 12. Qd2 Nf6 13. Bf3 Nh4 14. Rae1
Nxf3+ 15. gxf3 Bh3 16. Rf2 Qd7 17. Kh1 O-O-O 18. Nc4 d5 19. Nxb6+ axb6 20. e5
Ng8 21. Qc2 c5 22. Ne2 Ne7 23. Ng3 h5 24. Rd2 Qc6 25. Bg1 h4 26. Ne2 Bf5 27.
Qb3 Ng6 28. Red1 Be6 29. Qa3 Kc7 30. c4 d4 31. Bxd4 Bxc4 32. Bxc5 bxc5 33. Qa5+
b6 34. Qa7+ Kc8 35. Rxd8+ Rxd8 36. Rxd8+ Kxd8 37. Qb8+ Kd7 0-1

[Event "Europa ch s-18 femenino"]
[Site "Herceg Novi MNT"]
[Date "2008.09.16"]
[Round "2.14"]
[White "Orehek, Spela"]
[Black "Mader, Manuela"]
[Result "0-1"]
[WhiteElo "1886"]
[BlackElo "2155"]
[PlyCount "60"]
[EventDate "2008.09.15"]
[EventType "swiss"]
[EventRounds "9"]
[Source "lmi"]
[SourceDate "2008.09.15"]

1. e4 c6 2. d4 d5 3. exd5 cxd5 4. c4 Nf6 5. Nc3 Nc6 6. Bg5 Be6 7. a3 Bg4 8. f3
Be6 9. c5 g6 10. Bxf6 exf6 11. f4 Bg7 12. Be2 O-O 13. Bf3 Qe7 14. Nge2 Rfd8 15.
b4 g5 16. f5 Bxf5 17. Nxd5 Rxd5 18. Bxd5 Re8 19. Bc4 Bg4 20. Ra2 f5 21. h3 Bh5
22. O-O Nxd4 23. Rf2 f4 24. Rd2 Qe3 25. Bxf7+ Kxf7 26. g4 Nf3+ 27. Kg2 Nxd2 28.
gxh5 f3+ 29. Kg1 Kg8 30. Ng3 Bd4 0-1

[Event "Europa ch s-18 femenino"]
[Site "Herceg Novi MNT"]
[Date "2008.09.16"]
[Round "2.15"]
[White "Vasile, Teodora"]
[Black "Tsirulnik, Maritsa"]
[Result "0-1"]
[WhiteElo "1932"]
[BlackElo "2110"]
[PlyCount "78"]
[EventDate "2008.09.15"]
[EventType "swiss"]
[EventRounds "9"]
[Source "lmi"]
[SourceDate "2008.09.15"]

1. e4 c5 2. Nf3 e6 3. d4 cxd4 4. Nxd4 a6 5. Nc3 b5 6. a3 Bb7 7. Be2 Qc7 8. O-O
Nf6 9. Bf3 d6 10. Re1 Nbd7 11. Nb3 Ne5 12. Nd2 Be7 13. Nf1 O-O 14. Ng3 d5 15.
exd5 Nxf3+ 16. Qxf3 Nxd5 17. Nxd5 Bxd5 18. Qe2 Rac8 19. c3 Bd6 20. Qd2 Rcd8 21.
Qg5 f6 22. Qh4 f5 23. Ne2 Qb7 24. f3 e5 25. Be3 Rc8 26. Qf2 f4 27. Ba7 Rc7 28.
Rad1 Rf6 29. Kh1 Bf8 30. Nc1 Bc4 31. b3 Bf7 32. Nd3 Qxa7 33. Qb2 Rd7 34. Nxe5
Rxd1 35. Rxd1 Rd6 36. Rf1 Qe3 37. Nxf7 Kxf7 38. c4 Rd2 39. Qb1 Qd3 0-1

[Event "Europa ch s-18 femenino"]
[Site "Herceg Novi MNT"]
[Date "2008.09.16"]
[Round "2.16"]
[White "Gosciniak, Maria"]
[Black "Balcaite, Agne"]
[Result "1-0"]
[WhiteElo "2096"]
[BlackElo "1830"]
[PlyCount "81"]
[EventDate "2008.09.15"]
[EventType "swiss"]
[EventRounds "9"]
[Source "lmi"]
[SourceDate "2008.09.15"]

1. e4 c5 2. Nf3 Nc6 3. d4 cxd4 4. Nxd4 Nf6 5. Nc3 e5 6. Ndb5 d6 7. Nd5 Nxd5 8.
exd5 Ne7 9. c3 Ng6 10. Qa4 Bd7 11. Qb4 Bf5 12. Qc4 Rc8 13. Qa4 Bd7 14. Qxa7 Rb8
15. Be3 Be7 16. Bb6 Qc8 17. Qa3 Bxb5 18. Bxb5+ Kf8 19. O-O Nf4 20. Rfd1 Qg4 21.
Bf1 h5 22. Be3 h4 23. Bxf4 Qxf4 24. Qa7 Re8 25. Qxb7 e4 26. Qb6 Bg5 27. Re1 Rh6
28. Qe3 Qf5 29. Qd4 Rf6 30. f3 e3 31. Bd3 Qd7 32. Re2 Qb7 33. Be4 Rh6 34. a4
Bf4 35. a5 Qd7 36. a6 f5 37. a7 Ra8 38. Bd3 g5 39. Qb6 Qe8 40. Bb5 Qc8 41. Bc6
1-0

[Event "Europa ch s-18 femenino"]
[Site "Herceg Novi MNT"]
[Date "2008.09.16"]
[Round "2.17"]
[White "Nowak, Malgorzata"]
[Black "Dincel, Melodi"]
[Result "1-0"]
[WhiteElo "2052"]
[BlackElo "1845"]
[PlyCount "87"]
[EventDate "2008.09.15"]
[EventType "swiss"]
[EventRounds "9"]
[Source "lmi"]
[SourceDate "2008.09.15"]

1. d4 Nf6 2. c4 g6 3. Nc3 Bg7 4. e4 d6 5. Nf3 O-O 6. Be2 e5 7. O-O Nc6 8. d5
Ne7 9. Nd2 a5 10. a3 Nd7 11. Rb1 f5 12. b4 Kh8 13. Qc2 f4 14. Bg4 g5 15. f3 Nf6
16. Bxc8 Qxc8 17. c5 axb4 18. axb4 Qe8 19. Nc4 Nc8 20. b5 b6 21. cxb6 cxb6 22.
Ba3 Qd8 23. Na2 Rg8 24. Nb4 Bf8 25. Nc6 Qe8 26. h3 h5 27. Qf2 Qg6 28. Bb2 g4
29. hxg4 hxg4 30. N4xe5 dxe5 31. Nxe5 Qh7 32. Nxg4 Rxg4 33. fxg4 Bg7 34. Qxf4
Qxe4 35. Bxf6 Qxf4 36. Rxf4 Nd6 37. Be7 Nb7 38. d6 Nc5 39. Rd1 Nd7 40. g5 Rc8
41. Ra4 Bf8 42. Ra7 Bxe7 43. dxe7 Ne5 44. Rd8+ 1-0

[Event "Europa ch s-18 femenino"]
[Site "Herceg Novi MNT"]
[Date "2008.09.16"]
[Round "2.18"]
[White "Topic, Jelena"]
[Black "Zhorzholiani, Meri"]
[Result "1/2-1/2"]
[WhiteElo "1866"]
[BlackElo "2136"]
[PlyCount "117"]
[EventDate "2008.09.15"]
[EventType "swiss"]
[EventRounds "9"]
[Source "lmi"]
[SourceDate "2008.09.15"]

1. e4 c5 2. Nf3 d6 3. d4 cxd4 4. Nxd4 Nf6 5. Nc3 Nc6 6. Bg5 e6 7. Qd2 Qb6 8.
O-O-O Qxd4 9. Qxd4 Nxd4 10. Rxd4 a6 11. Be2 Be7 12. Rhd1 Bd7 13. f3 Bc6 14. Kb1
O-O-O 15. Bh4 Kc7 16. Bg3 Nh5 17. Bc4 Nxg3 18. hxg3 h5 19. Rh1 b5 20. Bb3 Rb8
21. Ne2 g5 22. c4 h4 23. cxb5 Bxb5 24. Nc3 hxg3 25. Nxb5+ axb5 26. Rxh8 Rxh8
27. a4 Bf6 28. Rd2 bxa4 29. Bxa4 Rb8 30. b3 Be5 31. Rd1 Rb4 32. Kc2 g4 33. Rf1
gxf3 34. Rxf3 Rxe4 35. Rxf7+ Kb6 36. Kd3 Re1 37. Rf8 d5 38. Bd7 Bc7 39. Rf6
Rd1+ 40. Ke2 Rb1 41. Bxe6 Rb2+ 42. Kf1 d4 43. Bc4+ Kc5 44. Rf7 Bd6 45. Rf6 Rd2
46. Rf3 Kb4 47. Be2 Rb2 48. Bc4 Rc2 49. Rf6 Bc5 50. Rf3 Rc3 51. Ke2 Rc2+ 52.
Kf1 Bd6 53. Rf6 Kc5 54. Rf5+ Kb6 55. Rf6 Kc7 56. Rf7+ Kd8 57. Rf6 Be7 58. Rf3
Bd6 59. Rf6 1/2-1/2

[Event "Europa ch s-18 femenino"]
[Site "Herceg Novi MNT"]
[Date "2008.09.16"]
[Round "2.19"]
[White "Aggeli, Eleni"]
[Black "Hortensius, Lisa"]
[Result "0-1"]
[WhiteElo "1856"]
[BlackElo "2028"]
[PlyCount "86"]
[EventDate "2008.09.15"]
[EventType "swiss"]
[EventRounds "9"]
[Source "lmi"]
[SourceDate "2008.09.15"]

1. e4 e6 2. d4 d5 3. Nc3 Nc6 4. Be3 dxe4 5. Nxe4 Nf6 6. Nxf6+ Qxf6 7. Nf3 h6 8.
Qd2 Bd6 9. Be2 Bd7 10. O-O-O O-O-O 11. Kb1 Rhe8 12. g4 Qe7 13. g5 hxg5 14. Nxg5
Kb8 15. Bh5 g6 16. Be2 Qf8 17. Ne4 Be7 18. h4 f5 19. Nc3 e5 20. dxe5 Nxe5 21.
Qd4 Nc6 22. Qa4 Bf6 23. Bxa7+ Nxa7 24. Rxd7 Rxd7 25. Qxd7 Bxc3 26. bxc3 Rxe2
27. Rd1 Nc6 28. Qd3 Qe7 29. Qc4 Re1 30. Qg8+ Qe8 31. Qd5 Qe6 32. Qd2 Re2 33.
Qh6 Re1 34. Qd2 Rxd1+ 35. Qxd1 Qc4 36. Qd7 Qxh4 37. Qe8+ Ka7 38. Qe3+ Kb8 39.
Qe8+ Ka7 40. Qe3+ b6 41. Qe8 Kb7 42. Qxg6 Qxf2 43. Qe6 f4 0-1

[Event "Europa ch s-18 femenino"]
[Site "Herceg Novi MNT"]
[Date "2008.09.16"]
[Round "2.20"]
[White "Kirpichenko, Ekaterina"]
[Black "Di Cerbo, Giulia"]
[Result "1/2-1/2"]
[WhiteElo "2026"]
[BlackElo "1795"]
[PlyCount "56"]
[EventDate "2008.09.15"]
[EventType "swiss"]
[EventRounds "9"]
[Source "lmi"]
[SourceDate "2008.09.15"]

1. e4 e6 2. Nc3 d5 3. Nf3 dxe4 4. Nxe4 Bd7 5. d4 Bc6 6. Bd3 Nd7 7. Qe2 Ngf6 8.
Bg5 Be7 9. Nc3 O-O 10. O-O-O Bxf3 11. Qxf3 c6 12. h4 Nb6 13. g4 Nbd5 14. Bxf6
Nxf6 15. g5 Nd5 16. Ne4 Qc7 17. Qh5 g6 18. Qe2 e5 19. h5 exd4 20. Rh4 Nf4 21.
Qg4 Nxd3+ 22. Rxd3 Qe5 23. Rdh3 f5 24. gxf6 Bxf6 25. Nxf6+ Rxf6 26. Qxd4 Qxd4
27. Rxd4 gxh5 28. Rxh5 Raf8 1/2-1/2

[Event "Europa ch s-18 femenino"]
[Site "Herceg Novi MNT"]
[Date "2008.09.16"]
[Round "2.21"]
[White "Vartic, Irina"]
[Black "Purgar, Ivona"]
[Result "0-1"]
[WhiteElo "1836"]
[BlackElo "2026"]
[PlyCount "62"]
[EventDate "2008.09.15"]
[EventType "swiss"]
[EventRounds "9"]
[Source "lmi"]
[SourceDate "2008.09.15"]

1. e4 c5 2. Nf3 e6 3. d4 cxd4 4. Nxd4 Nf6 5. Nc3 d6 6. Be2 Be7 7. O-O O-O 8.
Be3 a6 9. a4 Qc7 10. f4 Nc6 11. Qe1 Nxd4 12. Bxd4 e5 13. fxe5 dxe5 14. Qg3 Bc5
15. Bxc5 Qxc5+ 16. Kh1 Kh8 17. Rxf6 gxf6 18. Qh4 Qc6 19. Nd5 Kg7 20. Rf1 f5 21.
Ne7 Qf6 22. Qg3+ Kh8 23. exf5 Bd7 24. Nd5 Qg7 25. Qd3 f6 26. Nb6 Bc6 27. Bf3
Rad8 28. Qb3 e4 29. Be2 e3 30. Bf3 e2 31. Rg1 Rd1 0-1

[Event "Europa ch s-18 femenino"]
[Site "Herceg Novi MNT"]
[Date "2008.09.16"]
[Round "2.22"]
[White "Naydenova, Yordanka"]
[Black "Vladimirova, Maria"]
[Result "1/2-1/2"]
[WhiteElo "1807"]
[BlackElo "2009"]
[PlyCount "105"]
[EventDate "2008.09.15"]
[EventType "swiss"]
[EventRounds "9"]
[Source "lmi"]
[SourceDate "2008.09.15"]

1. e4 c5 2. Nc3 Nc6 3. g3 g6 4. Bg2 Bg7 5. Nge2 e6 6. d3 Nge7 7. Be3 Nd4 8. Qd2
d6 9. Nd1 Rb8 10. Nxd4 cxd4 11. Bh6 Bxh6 12. Qxh6 Qa5+ 13. c3 Ng8 14. Qg7 Qe5
15. Qxe5 dxe5 16. c4 a5 17. b3 Ne7 18. Kd2 Nc6 19. a3 b5 20. Kc2 Ke7 21. Nb2
Ba6 22. Rab1 Rhc8 23. Rhc1 a4 24. b4 Na7 25. Kd2 f6 26. Bf1 f5 27. f3 fxe4 28.
fxe4 Rf8 29. Be2 Rf2 30. Rh1 Rc8 31. Rbf1 Rg2 32. Rfg1 Rf2 33. Rf1 Rg2 34. Rfg1
Rxg1 35. Rxg1 Nc6 36. Rc1 Kd6 37. Rf1 Ra8 38. Ra1 Rc8 39. Rc1 Rb8 40. Ra1 Rf8
41. Ke1 h5 42. Bd1 h4 43. gxh4 Rf4 44. cxb5 Bxb5 45. Bxa4 Bxd3 46. Nxd3 Rxe4+
47. Kf2 Rxh4 48. Rc1 Ne7 49. Kg3 Nf5+ 50. Kg2 Ne3+ 51. Kg3 Nf5+ 52. Kg2 Ne3+
53. Kg3 1/2-1/2

[Event "Europa ch s-18 femenino"]
[Site "Herceg Novi MNT"]
[Date "2008.09.16"]
[Round "2.23"]
[White "Asgarova, Turan Nizami Qizi"]
[Black "Veleska, Viktorija"]
[Result "0-1"]
[WhiteElo "2008"]
[BlackElo "1700"]
[PlyCount "88"]
[EventDate "2008.09.15"]
[EventType "swiss"]
[EventRounds "9"]
[Source "lmi"]
[SourceDate "2008.09.15"]

1. e4 g6 2. d4 Bg7 3. Nc3 c6 4. f4 d5 5. e5 Qb6 6. Nf3 Bg4 7. Be2 f6 8. h3 Bxf3
9. Bxf3 fxe5 10. fxe5 Nh6 11. Bg4 O-O 12. Be6+ Kh8 13. Ne2 c5 14. Bxd5 Nd7 15.
Bf3 Rad8 16. Bg5 Rfe8 17. O-O Nxe5 18. d5 Nxf3+ 19. Rxf3 Nf5 20. Kh1 h6 21. Bf4
e5 22. Bh2 Nd4 23. Nxd4 cxd4 24. c4 Qc5 25. Qb3 b6 26. Rf7 e4 27. Qg3 Kh7 28.
Rc7 Qf8 29. Kg1 Re7 30. Rf1 Qe8 31. d6 Red7 32. Qg4 e3 33. Qe2 Rxc7 34. dxc7
Rd7 35. Qd3 Re7 36. Re1 Qc6 37. Qa3 Rf7 38. Bg3 Rf8 39. Qd3 Be5 40. Bh4 Qxc7
41. b3 Bg3 42. Bxg3 Qxg3 43. Rf1 Rf2 44. Qe4 Rxf1+ 0-1

[Event "Europa ch s-18 femenino"]
[Site "Herceg Novi MNT"]
[Date "2008.09.16"]
[Round "2.24"]
[White "Farevaag, Evy"]
[Black "Tonel, Giulia"]
[Result "1/2-1/2"]
[WhiteElo "1771"]
[BlackElo "1983"]
[PlyCount "72"]
[EventDate "2008.09.15"]
[EventType "swiss"]
[EventRounds "9"]
[Source "lmi"]
[SourceDate "2008.09.15"]

1. d4 c5 2. Nf3 d5 3. g3 Nc6 4. Bg2 e6 5. O-O f5 6. Bg5 Nf6 7. e3 Be7 8. Ne5
O-O 9. c3 Bd7 10. Nd2 Be8 11. Qe1 b5 12. Ndf3 Rb8 13. Qe2 c4 14. b3 Ne4 15.
Bxe7 Nxe7 16. Qc2 Bh5 17. Rfb1 Qd6 18. a4 Rfc8 19. axb5 Rxb5 20. bxc4 Rxb1+ 21.
Rxb1 dxc4 22. Rb4 Nd5 23. Rxc4 Rxc4 24. Nxc4 Qa6 25. Nfe5 Qa1+ 26. Bf1 h6 27.
Qb2 Qd1 28. Qb8+ Kh7 29. Qb2 Nexc3 30. Kg2 Be2 31. Bxe2 Nxe2 32. Nf3 Nec3 33.
Nce5 Ne4 34. Qa2 Qc1 35. Nd3 Qc7 36. Qa6 Nb6 1/2-1/2

[Event "Europa ch s-18 femenino"]
[Site "Herceg Novi MNT"]
[Date "2008.09.16"]
[Round "2.25"]
[White "Finnbogadottir, Tinna Kristin"]
[Black "Dirksen, Marieke"]
[Result "1/2-1/2"]
[WhiteElo "1655"]
[BlackElo "1933"]
[PlyCount "94"]
[EventDate "2008.09.15"]
[EventType "swiss"]
[EventRounds "9"]
[Source "lmi"]
[SourceDate "2008.09.15"]

1. e4 c5 2. c3 d5 3. exd5 Qxd5 4. d4 Nf6 5. Nf3 Bg4 6. Be2 e6 7. Na3 Nc6 8. Nb5
Rc8 9. Bf4 Qd7 10. Ne5 Nxe5 11. dxe5 Qxd1+ 12. Rxd1 Bxe2 13. Kxe2 Nd5 14. Bg3
c4 15. f4 Bc5 16. Kf3 a6 17. Nd4 Bxd4 18. Rxd4 g6 19. Rhd1 b5 20. Be1 h5 21. h4
Ke7 22. Ke4 Rc7 23. g3 Rb8 24. Rc1 Rbc8 25. Ra1 a5 26. a3 Rb7 27. Rc1 Rc6 28.
Rc2 Nb6 29. Kf3 Na4 30. Ke4 Nc5+ 31. Ke3 Nd3 32. Bf2 Rd7 33. Ke4 Nc5+ 34. Kf3
Nd3 35. Ke4 Rb7 36. Kf3 f6 37. exf6+ Kxf6 38. Rd8 Nxf2 39. Kxf2 b4 40. cxb4
axb4 41. Rd4 bxa3 42. bxa3 c3 43. Rb4 Rd7 44. Ke3 Kf5 45. Rb5+ Kf6 46. Rb3 Rdc7
47. Kd3 Rd7+ 1/2-1/2

[Event "Europa ch s-18 femenino"]
[Site "Herceg Novi MNT"]
[Date "2008.09.17"]
[Round "3.1"]
[White "Guadamuro Torrente, Anabel"]
[Black "Nemcova, Katerina"]
[Result "1-0"]
[WhiteElo "2105"]
[BlackElo "2372"]
[PlyCount "63"]
[EventDate "2008.09.15"]
[EventType "swiss"]
[EventRounds "9"]
[Source "lmi"]
[SourceDate "2008.09.15"]

1. e4 c5 2. Nf3 e6 3. Nc3 a6 4. d4 cxd4 5. Nxd4 Qc7 6. Be2 Nf6 7. O-O Be7 8. f4
d6 9. Be3 Nbd7 10. Nb3 b6 11. Qe1 Bb7 12. Bf3 O-O-O 13. Qf2 h6 14. a4 Nc5 15.
a5 b5 16. e5 Nfd7 17. exd6 Bxd6 18. Nd4 Bxf3 19. Qxf3 Qb7 20. Nc6 Nf6 21. Nxd8
Rxd8 22. Rfd1 Nce4 23. Bb6 Rd7 24. Rd4 Bc7 25. Rxe4 Bxb6+ 26. axb6 Nxe4 27.
Qxe4 Qxb6+ 28. Kh1 Rd2 29. Qa8+ Kd7 30. Rxa6 Rxc2 31. Ra7+ Kd6 32. Ne4# 1-0

[Event "Europa ch s-18 femenino"]
[Site "Herceg Novi MNT"]
[Date "2008.09.17"]
[Round "3.2"]
[White "Girya, Olga"]
[Black "Dudas, Eszter"]
[Result "1-0"]
[WhiteElo "2350"]
[BlackElo "2108"]
[PlyCount "39"]
[EventDate "2008.09.15"]
[EventType "swiss"]
[EventRounds "9"]
[Source "lmi"]
[SourceDate "2008.09.15"]

1. e4 c5 2. Nc3 e6 3. Nge2 a6 4. g3 b5 5. Bg2 Bb7 6. O-O d6 7. d4 cxd4 8. Nxd4
Nf6 9. Re1 Qc7 10. a4 bxa4 11. Nd5 exd5 12. exd5+ Kd8 13. Bg5 Nbd7 14. Qe2 Qb6
15. Rxa4 Rc8 16. Bd2 Rc5 17. c4 Kc8 18. b4 g6 19. bxc5 dxc5 20. Ba5 1-0

[Event "Europa ch s-18 femenino"]
[Site "Herceg Novi MNT"]
[Date "2008.09.17"]
[Round "3.3"]
[White "Fuchs, Judith"]
[Black "Kasperek, Joanna"]
[Result "1/2-1/2"]
[WhiteElo "2197"]
[BlackElo "2041"]
[PlyCount "73"]
[EventDate "2008.09.15"]
[EventType "swiss"]
[EventRounds "9"]
[Source "lmi"]
[SourceDate "2008.09.15"]

1. e4 c5 2. Nf3 e6 3. d4 cxd4 4. Nxd4 a6 5. Nc3 b5 6. Bd3 d6 7. O-O Nf6 8. a4
b4 9. Na2 e5 10. Nb3 Nc6 11. Bd2 Qb6 12. a5 Qb7 13. Qe1 Rb8 14. Bc4 Be6 15. Qe2
Bxc4 16. Qxc4 Qb5 17. Qxb5 Rxb5 18. Rfe1 Be7 19. Nac1 O-O 20. Nd3 Rfb8 21. Kf1
Bd8 22. f3 Nd7 23. Be3 Nxa5 24. Nxa5 Rxa5 25. Rxa5 Bxa5 26. Ra1 Rb5 27. Ra4 f6
28. Ke2 Kf7 29. c3 bxc3 30. b4 Bb6 31. Rxa6 Bxe3 32. Kxe3 Ke6 33. Rc6 Rb6 34.
Rxc3 d5 35. exd5+ Kxd5 36. Rc8 f5 37. Rd8 1/2-1/2

[Event "Europa ch s-18 femenino"]
[Site "Herceg Novi MNT"]
[Date "2008.09.17"]
[Round "3.5"]
[White "Demidowicz, Maria"]
[Black "Rakic, Marija"]
[Result "1-0"]
[WhiteElo "2032"]
[BlackElo "2276"]
[PlyCount "89"]
[EventDate "2008.09.15"]
[EventType "swiss"]
[EventRounds "9"]
[Source "lmi"]
[SourceDate "2008.09.15"]

1. e4 g6 2. d4 Bg7 3. Nc3 c6 4. Be3 Qb6 5. Qd2 Qxb2 6. Rb1 Qa3 7. Bc4 d6 8. Nf3
Nf6 9. e5 dxe5 10. dxe5 Ng4 11. Bd4 O-O 12. O-O Qa5 13. Qg5 Nh6 14. Ne4 Kh8 15.
Qxe7 Nf5 16. Qc5 Qc7 17. e6 Nxd4 18. Nxd4 fxe6 19. Nxe6 Bxe6 20. Bxe6 Na6 21.
Qc4 b5 22. Qb3 Rf4 23. Ng5 Raf8 24. Rbd1 Nc5 25. Qe3 Qb6 26. a3 h6 27. Qh3 Qc7
28. Ba2 Qe5 29. Ne6 Nxe6 30. Bxe6 Qe2 31. f3 Rd4 32. Rc1 Rfd8 33. Bb3 Rd2 34.
Rce1 Rxc2 35. Rxe2 Rxe2 36. Qg4 Kh7 37. f4 Rb2 38. Bf7 Rd6 39. f5 g5 40. f6
Bxf6 41. Qf5+ Kh8 42. Qc8+ Bd8 43. Bh5 Rdd2 44. Rf8+ Kg7 45. Qb7+ 1-0

[Event "Europa ch s-18 femenino"]
[Site "Herceg Novi MNT"]
[Date "2008.09.17"]
[Round "3.7"]
[White "Danelia, Mariam"]
[Black "Gosciniak, Maria"]
[Result "1-0"]
[WhiteElo "2185"]
[BlackElo "2096"]
[PlyCount "87"]
[EventDate "2008.09.15"]
[EventType "swiss"]
[EventRounds "9"]
[Source "lmi"]
[SourceDate "2008.09.15"]

1. d4 f5 2. Nc3 Nf6 3. Bg5 d5 4. Nf3 e6 5. Qd2 Be7 6. e3 O-O 7. Ne5 Ne4 8. Bxe7
Qxe7 9. Nxe4 fxe4 10. Be2 Nd7 11. Nxd7 Bxd7 12. O-O e5 13. c4 dxc4 14. dxe5 b5
15. Qd5+ Qe6 16. Rad1 Rad8 17. Rd4 Qxd5 18. Rxd5 c6 19. Rd6 Bf5 20. Rfd1 Rxd6
21. Rxd6 Rc8 22. g4 Bg6 23. h4 Kf8 24. Kg2 Ke7 25. g5 Bf7 26. Bg4 Rc7 27. Rd4
c5 28. Rd6 b4 29. Bf5 c3 30. bxc3 Bxa2 31. Bxe4 Bc4 32. cxb4 cxb4 33. f4 Rd7
34. Rc6 Bd5 35. Bxd5 Rxd5 36. f5 b3 37. f6+ gxf6 38. gxf6+ Kf7 39. Rc7+ Kg6 40.
h5+ Kh6 41. f7 Rd8 42. e6 b2 43. e7 Rd2+ 44. Kg3 1-0

[Event "Europa ch s-18 femenino"]
[Site "Herceg Novi MNT"]
[Date "2008.09.17"]
[Round "3.8"]
[White "Kalashyan, Varduhi"]
[Black "Traistaru, Teodora"]
[Result "1-0"]
[WhiteElo "2049"]
[BlackElo "2162"]
[PlyCount "83"]
[EventDate "2008.09.15"]
[EventType "swiss"]
[EventRounds "9"]
[Source "lmi"]
[SourceDate "2008.09.15"]

1. e4 c5 2. Nf3 d6 3. d4 cxd4 4. Nxd4 Nf6 5. Nc3 a6 6. Be2 e5 7. Nb3 Be7 8. O-O
Be6 9. f4 Qc7 10. a4 Nbd7 11. f5 Bc4 12. Be3 O-O 13. g4 h6 14. Nd2 d5 15. Nxc4
dxc4 16. Bf3 Bc5 17. Qe2 Qb6 18. Bxc5 Nxc5 19. Kh1 Qxb2 20. Qxc4 Rac8 21. Ra2
Qb6 22. a5 Qc7 23. Qe2 Rfd8 24. Qg2 Nd3 25. g5 Nf4 26. Qg3 hxg5 27. Ra3 Qe7 28.
Rb3 Nd7 29. Nd5 Nxd5 30. exd5 Nc5 31. Rb6 e4 32. f6 gxf6 33. Bg4 Nd7 34. d6 Qe8
35. Rxb7 Rc5 36. Qh3 Nf8 37. Rxf6 Rxc2 38. Rc7 Rxd6 39. Rfxf7 Qxf7 40. Rxf7
Rc1+ 41. Rf1 Rdc6 42. Qb3+ 1-0

[Event "Europa ch s-18 femenino"]
[Site "Herceg Novi MNT"]
[Date "2008.09.17"]
[Round "3.9"]
[White "Mader, Manuela"]
[Black "Nowak, Malgorzata"]
[Result "1/2-1/2"]
[WhiteElo "2155"]
[BlackElo "2052"]
[PlyCount "84"]
[EventDate "2008.09.15"]
[EventType "swiss"]
[EventRounds "9"]
[Source "lmi"]
[SourceDate "2008.09.15"]

1. e4 e6 2. d4 d5 3. Nd2 c5 4. exd5 exd5 5. Ngf3 Nc6 6. Bb5 Bd6 7. dxc5 Bxc5 8.
O-O Nge7 9. Nb3 Bd6 10. Bg5 O-O 11. Re1 Bg4 12. Bh4 Qc7 13. Bg3 Bxg3 14. hxg3
Rad8 15. c3 Nf5 16. Qd3 Bxf3 17. Qxf3 g6 18. Rad1 a6 19. Bd3 Ng7 20. Bc2 Qd6
21. Qe3 Ne6 22. Qb6 Qc7 23. Qxc7 Nxc7 24. Nd4 Rfe8 25. Rxe8+ Nxe8 26. Nxc6 bxc6
27. Rd4 Rb8 28. b4 Nc7 29. a4 a5 30. bxa5 c5 31. Rf4 Ra8 32. Rf3 Rxa5 33. c4
dxc4 34. Rc3 Ne6 35. Rxc4 Nd4 36. Bd1 f5 37. Kf1 Kf7 38. Ke1 Ke6 39. Kd2 Kd5
40. Kd3 g5 41. Bf3+ Kd6 42. Bd1 Ra7 1/2-1/2

[Event "Europa ch s-18 femenino"]
[Site "Herceg Novi MNT"]
[Date "2008.09.17"]
[Round "3.11"]
[White "Hortensius, Lisa"]
[Black "Baptista, Ana Filipa"]
[Result "1-0"]
[WhiteElo "2028"]
[BlackElo "2137"]
[PlyCount "75"]
[EventDate "2008.09.15"]
[EventType "swiss"]
[EventRounds "9"]
[Source "lmi"]
[SourceDate "2008.09.15"]

1. e4 c5 2. Nf3 d6 3. d4 cxd4 4. Nxd4 Nf6 5. Nc3 Nc6 6. Bc4 Qb6 7. Nb3 e6 8.
O-O Be7 9. Be3 Qc7 10. f4 a6 11. a4 b6 12. Be2 O-O 13. Bf3 Rb8 14. Qe2 Bb7 15.
Rad1 Rfe8 16. Qf2 Nd7 17. Rd2 Nc5 18. Nd4 Bf6 19. Nxc6 Bxc6 20. Bd4 Bxd4 21.
Qxd4 Red8 22. Rfd1 b5 23. axb5 axb5 24. Ne2 Na4 25. Ng3 g6 26. b3 Nc5 27. Qe3
Rd7 28. f5 exf5 29. exf5 Bxf3 30. Qxf3 Qb6 31. Qf2 Rbd8 32. Ne4 Rc7 33. Rxd6
Rxd6 34. Rxd6 Qb8 35. Nxc5 Ra7 36. Rd1 Qe5 37. Rd8+ Kg7 38. f6+ 1-0